Feldhockey-Weltmeister der Herren - Statistiken

Allgemein
  • Dieses Quiz wurde 278 mal gespielt
  • Das Durchschnittsergebnis liegt bei 12 aus 14
Antwortstatistiken
Jahr Weltmeister % Korrekt
2002 Deutschland
100%
2006 Deutschland
100%
1973 Niederlande
93%
1990 Niederlande
93%
1998 Niederlande
93%
1975 Indien
84%
1986 Australien
81%
2010 Australien
81%
2014 Australien
81%
2018 Belgien
78%
1971 Pakistan
69%
1978 Pakistan
69%
1982 Pakistan
69%
1994 Pakistan
69%
Keine übereinstimmenden Quizze gefunden
Verteilung der Resultate
Anzahl Personen mit jedem Resultat
Perzentil nach korrekt beantworteten Fragen
Ihre Resultats-Entwicklung
Sie haben dieses Quiz noch nicht gespielt